书目信息 |
| 题名: |
无机化工工艺学
|
|
| 作者: | 仲剑初 主编 | |
| 分册: | ||
| 出版信息: | 大连 大连理工大学出版社 2016.2 |
|
| 页数: | 211页 | |
| 开本: | 26cm | |
| 丛书名: | ||
| 单 册: | ||
| 中图分类: | TQ110.6 | |
| 科图分类: | ||
| 主题词: | 无机化工--化工产品--生产工艺--高等学校--教材 | |
| 电子资源: | ||
| ISBN: | 978-7-5685-0247-4 | |
| 000 | 01090nam0 2200253 450 | |
| 001 | 0400002276 | |
| 005 | 20171020154952.0 | |
| 010 | @a978-7-5685-0247-4@dCNY30.00 | |
| 100 | @a20160405d2016 em y0chiy50 ea | |
| 101 | 0 | @achi |
| 102 | @aCN@b210000 | |
| 105 | @aa z 000yy | |
| 106 | @ar | |
| 200 | 1 | @a无机化工工艺学@9wu ji hua gong gong yi xue@b专著@dInorganic chemical technology@zeng@f仲剑初主编 |
| 210 | @a大连@c大连理工大学出版社@d2016.2 | |
| 215 | @a211页@c图@d26cm | |
| 300 | @a高等学校理工化学工类规划教材 | |
| 330 | @a本书是高等学校理工科化学化工类规划教材,共分为7章。从矿物原料出发,将主要的无机化工产品合成氨、硫酸与硝酸、纯碱与烧碱、尿素与硝铵、磷肥与钾肥等作为主线,同时将涉及无机化工行业诸多领域的盐水体系相图应用以及化学矿物加工利用作为补充,并对一些典型无机化工产品的生产工艺原理、工艺流程和主要设备进行了介绍。 | |
| 510 | 1 | @aInorganic chemical technology@zeng |
| 606 | 0 | @a无机化工@x化工产品@x生产工艺@x高等学校@j教材 |
| 690 | @aTQ110.6@v5 | |
| 701 | 0 | @a仲剑初@9zhong jian chu@4主编 |
| 801 | 0 | @aCN@b91MARC@c20171020 |
| 905 | @b1031890-4@dTQ110.6@f5@e34 | |
| 无机化工工艺学=Inorganic chemical technology/仲剑初主编.-大连:大连理工大学出版社,2016.2 |
| 211页:图;26cm |
| 高等学校理工化学工类规划教材 |
| ISBN 978-7-5685-0247-4:CNY30.00 |
| 本书是高等学校理工科化学化工类规划教材,共分为7章。从矿物原料出发,将主要的无机化工产品合成氨、硫酸与硝酸、纯碱与烧碱、尿素与硝铵、磷肥与钾肥等作为主线,同时将涉及无机化工行业诸多领域的盐水体系相图应用以及化学矿物加工利用作为补充,并对一些典型无机化工产品的生产工艺原理、工艺流程和主要设备进行了介绍。 |
| ● |
| 相关链接 |
|
|
|
|
正题名:无机化工工艺学
索取号:TQ110.6/34
 
预约/预借
| 序号 | 登录号 | 条形码 | 馆藏地/架位号 | 状态 | 备注 |
| 1 | 1031890 | 210318903 | 第二样本阅览室/ [索取号:TQ110.6/34] | 在馆 | |
| 2 | 1031891 | 210318912 | 密集书库-化学系/ [索取号:TQ110.6/34] | 在馆 | |
| 3 | 1031892 | 210318921 | 第三借阅区/ [索取号:TQ110.6/34] | 在馆 | |
| 4 | 1031893 | 210318930 | 第三借阅区/ [索取号:TQ110.6/34] | 在馆 | |
| 5 | 1031894 | 210318949 | 第三借阅区/ [索取号:TQ110.6/34] | 在馆 |